Catálogo
 En Linea

Río arriba : (Registro nro. 38978)

Detalles MARC
000 -CABECERA
campo de control de longitud fija 00511nam a2200145 a 4500
001 - NÚMERO DE CONTROL
campo de control 000039488
005 - FECHA Y HORA DE LA ÚLTIMA TRANSACCIÓN
campo de control 20201002031656.0
008 - DATOS DE LONGITUD FIJA--INFORMACIÓN GENERAL
campo de control de longitud fija 130703s19uu dr ac 000 0 spa d
040 ## - FUENTE DE LA CATALOGACIÓN
Centro catalogador/agencia de origen DO-SdBNP
Lengua de catalogación spa
Centro/agencia transcriptor BNPHU
100 1# - ENTRADA PRINCIPAL--NOMBRE DE PERSONA
Nombre de persona Nina De la Rosa, Emiliano
9 (RLIN) 65672
245 10 - MENCIÓN DE TÍTULO
Título Río arriba :
Resto del título memorias de un triunfador /
Mención de responsabilidad, etc. Emiliano Nina de la Rosa.
260 ## - PUBLICACIÓN, DISTRIBUCIÓN, ETC.
Lugar de publicación, distribución, etc. [Santo Domingo] :
Nombre del editor, distribuidor, etc. Proyecto Gráfico,
Fecha de publicación, distribución, etc. [19-?].
300 ## - DESCRIPCIÓN FÍSICA
Extensión 219 p. :
Otras características físicas ils., retrs. ;
Dimensiones 22 cm.
500 ## - NOTA GENERAL
Nota general Incluye datos biográficos del autor en las solapas
Existencias
Estado de retiro Estado de pérdida No para préstamo Código de colección Localización permanente Ubicación/localización actual Ubicación en estantería Fecha de adquisición Número de inventario Total de préstamos Signatura topográfica completa Código de barras Fecha visto por última vez Precio válido a partir de Tipo de ítem Koha
    Excluido de préstamo Patrimonio Dominicano Patrimonio Dominicano Patrimonio Dominicano En catalogación 03.07.2013 LF1   39488-10 25.06.2020 25.06.2020 Libro y Folleto Colección Patrimonio Dominicano

Con tecnología Koha